[Event "Hessenliga 0102"]
[Site "Germany"]
[Date "2001.10.21"]
[Round "2.1"]
[White "Klink, Tamara"]
[Black "Gries, Volker"]
[Result "1-0"]
[WhiteElo "2320"]
[BlackElo "2118"]
[PlyCount "71"]
[EventDate "2001.10.??"]
[EventType "team"]
[EventRounds "9"]
[EventCountry "GER"]
[SourceTitle "EXT 2003"]
[Source "ChessBase"]
[SourceDate "2002.11.25"]
[SourceVersion "1"]
[SourceVersionDate "2002.11.25"]
[SourceQuality "1"]
[WhiteTeam "Kassel"]
[BlackTeam "Weiterstadt"]
[WhiteTeamCountry "GER"]
[BlackTeamCountry "GER"]

1. e4 Nc6 2. Nf3 d6 3. d4 Nf6 4. Nc3 Bg4 5. d5 Nb8 6. h3 Bxf3 7. Qxf3 g6 8. Be2 Bg7 9. 0-0 0-0 10. Be3 c6 11. g4 Nfd7 12. Qg3 Nb6 13. Rad1 N8d7 14. dxc6 bxc6 15. Bd4 Bxd4 16. Rxd4 Nc8 17. Rfd1 Qb6 18. b3 a5 19. Kg2 Qb7 20. Na4 Re8 21. c4 Ncb6 22. Nc3 a4 23. b4 c5 24. bxc5 Nxc5 25. Bf3 e5 26. Rxd6 Nxc4 27. R6d5 Ne6 28. Rd7 Nf4+ 29. Qxf4 Qxd7 30. Qh6 Qc6 31. Nd5 Rac8 32. g5 Re6 33. Bg4 Qb7 34. Bxe6 fxe6 35. Nf6+ Kh8 36. Rd7 1-0

[Event "Olympiad Women-34"]
[Site "Istanbul"]
[Date "2000.11.08"]
[Round "11.2"]
[White "Klink, Tamara"]
[Black "Vrabic, Anita"]
[Result "1-0"]
[WhiteElo "2336"]
[BlackElo "2200"]
[PlyCount "79"]
[EventDate "2000.10.28"]
[EventType "team-swiss"]
[EventRounds "14"]
[EventCountry "TUR"]
[SourceTitle "EXT 2001"]
[Source "ChessBase"]
[SourceDate "2000.11.22"]
[SourceVersion "1"]
[SourceVersionDate "2000.11.22"]
[SourceQuality "1"]
[WhiteTeam "Kazakhstan (W)"]
[BlackTeam "Slovenia (W)"]
[WhiteTeamCountry "KAZ"]
[BlackTeamCountry "SLO"]

1. e4 c5 2. Nf3 Nc6 3. d4 cxd4 4. Nxd4 Nf6 5. Nc3 d6 6. Be2 e5 7. Nb3 Be7 8. 0-0 0-0 9. Be3 Be6 10. f4 a5 11. f5 Bd7 12. Bb5 Nb4 13. Bxd7 Qxd7 14. a3 Nc6 15. g4 a4 16. Nc1 h6 17. h4 Na5 18. g5 Nc4 19. gxf6 Nxe3 20. Qf3 Nxf1 21. fxe7 Qxe7 22. Qxf1 Qxh4 23. Nd3 d5 24. exd5 Rfe8 25. Re1 Qg5+ 26. Qg2 Qxf5 27. Ne4 Ra6 28. Rf1 Qc8 29. d6 Re6 30. Nf6+ Kh8 31. d7 Qd8 32. Qxb7 gxf6 33. Nc5 Reb6 34. Qd5 Kg7 35. Nxa6 Rxa6 36. Rd1 Rb6 37. Rd2 Rxb2 38. Rg2+ Kh8 39. Qxf7 Rb1+ 40. Kh2 1-0

[Event "Olympiad Women-34"]
[Site "Istanbul"]
[Date "2000.10.31"]
[Round "4.2"]
[White "Houska, Jovanka"]
[Black "Klink, Tamara"]
[Result "0-1"]
[WhiteElo "2279"]
[BlackElo "2336"]
[PlyCount "152"]
[EventDate "2000.10.28"]
[EventType "team-swiss"]
[EventRounds "14"]
[EventCountry "TUR"]
[SourceTitle "EXT 2001"]
[Source "ChessBase"]
[SourceDate "2000.11.22"]
[SourceVersion "1"]
[SourceVersionDate "2000.11.22"]
[SourceQuality "1"]
[WhiteTeam "England (W)"]
[BlackTeam "Kazakhstan (W)"]
[WhiteTeamCountry "ENG"]
[BlackTeamCountry "KAZ"]

1. e4 c5 2. Nf3 Nc6 3. Bb5 g6 4. Bxc6 bxc6 5. 0-0 Bg7 6. Re1 Nh6 7. c3 f6 8. h3 Nf7 9. d4 cxd4 10. cxd4 0-0 11. Nc3 d6 12. Qc2 e5 13. Be3 f5 14. dxe5 Nxe5 15. Nxe5 Bxe5 16. f4 Bg7 17. Rad1 Qe7 18. Bf2 Be6 19. exf5 gxf5 20. Re2 Rfe8 21. Qa4 Qd7 22. Qa3 d5 23. Na4 Bf7 24. Rc2 Qc7 25. Qg3 Re6 26. Nc5 Rg6 27. Qf3 Re8 28. Nd3 Re4 29. Rdc1 d4 30. Rc5 Qd7 31. Nb4 Bf8 32. Nd3 Bxc5 33. Rxc5 Bd5 34. Qh5 Qf7 35. Qh4 Qf6 36. Qxf6 Rxf6 37. Ra5 Bc4 38. Nc5 Rd6 39. Nxe4 fxe4 40. Ra4 d3 41. Be3 Bf7 42. Bd2 e3 43. Bxe3 d2 44. Bxd2 Rxd2 45. b3 Bd5 46. g4 Rg2+ 47. Kf1 Rh2 48. Rxa7 Rxh3 49. Ke2 Bf3+ 50. Ke3 Bxg4+ 51. Ke4 h5 52. Ke5 Re3+ 53. Kf6 Re6+ 54. Kg5 Kf8 55. a4 Re7 56. Ra6 Rg7+ 57. Kh4 Bf3 58. Rb6 Ra7 59. Kg3 Be4 60. Kh4 Ra5 61. b4 Rxa4 62. Kxh5 Ke7 63. Kg5 Kd8 64. Rb7 Kc8 65. Re7 Rxb4 66. f5 Bd5 67. f6 Rb7 68. Re8+ Kc7 69. Kg6 Kd6 70. Rd8+ Rd7 71. Ra8 c5 72. Ra5 c4 73. Kf5 c3 74. Ra6+ Kc5 75. Ke5 c2 76. Ra5+ Kc4 0-1